000
00307nam a2200121Ia 4500
008
230907s9999||||xx |||||||||||||| ||und||
082
_a
621.3
_b
,KIM
100
_a
Kimbark, Edward Wilson
_9
41429
245
0
_a
Power Systems stability /
260
_a
Wiley
_b
New Delhi
_c
2004
300
_a
355 p.
942
_c
BK
999
_c
598204
_d
598204